| 000 | 00688nam a2200289Ia 4500 | ||
|---|---|---|---|
| 005 | 20260401122226.0 | ||
| 008 | 008 250103s9999 xx 000 0 eng d | ||
| 020 | _a81-7536-353-3 | ||
| 037 | _aTB | ||
| 040 | _aEDL | ||
| 040 | _beng | ||
| 040 | _cEDL | ||
| 041 | _2eng | ||
| 041 | _aeng | ||
| 084 | _a915.403 DEY RR | ||
| 084 | _qEDL | ||
| 100 |
_aDey, Nundo Lal _91232955 |
||
| 245 | 0 | _aGeographical Dictionary of Anicent and Mediaeval India | |
| 245 | 0 | _cDey, Nundo Lal | |
| 260 | _aDelhi | ||
| 260 | _bLow Price Publications | ||
| 260 | _c2005 | ||
| 942 | _cTB | ||
| 942 | _h915.403 DEY RR | ||
| 999 |
_c1845776 _d1845776 |
||